01889nam a2200373 a 4500001001200000003000800012006001900020007001500039008004100054010001700095020004300112020002700155040002100182035002100203050002400224082001900248100002700267245012500294260006800419300001800487490004100505504005100546505044000597533015201037650001401189650001601203650001701219650005501236655002901291710001701320830003501337856012601372999001701498ebr10576221CaPaEBRm u cr cn|||||||||120227s2012 enk sb 001 0 eng d z 2012005338 z9781409440789 (hardcover : alk. paper) z9781409440796 (e-book) aCaPaEBRcCaPaEBR a(OCoLC)80181809014aBV50.E7bD46 2012eb04a264/.019092231 aDenysenko, Nicholas E.14aThe blessing of waters and Epiphanyh[electronic resource] :bthe Eastern liturgical tradition /cNicholas E. Denysenko. aFarnham, Surrey, England ;aBurlington, Vt. :bAshgate,cc2012. axviii, 237 p.1 aLiturgy, worship, and society series aIncludes bibliographical references and index.0 aIntroduction -- Early history of the blessing of waters -- History of the blessing of waters: stage 1 (8th-10th centuries) -- History of the blessing of waters: stage 2 (11th-13th centuries) -- History of the blessing of waters: stage 3 (14th-16th centuries) -- The origins of the "great are you" prayer -- Memory and praise of the Lord's theophany -- Epiclesis and the gift of the Holy Spirit -- Pastoral considerations -- Conclusion. aElectronic reproduction.bPalo Alto, Calif. :cebrary,d2011.nAvailable via World Wide Web.nAccess may be limited to ebrary affiliated libraries. 0aEpiphany. 0aHoly water. 0aBenediction. 0aWaterxReligious aspectsxOrthodox Eastern Church. 7aElectronic books.2local2 aebrary, Inc. 0aLiturgy, worship, and society.40uhttp://site.ebrary.com/lib/rucke/Doc?id=10576221zAn electronic book accessible through the World Wide Web; click to view c87917d87917